LEADER 03032nam 2200661Ia 450 001 9910450702603321 005 20200520144314.0 010 $a1-281-12108-8 010 $a9786611121082 010 $a981-270-753-0 035 $a(CKB)1000000000334189 035 $a(EBL)312289 035 $a(OCoLC)476099460 035 $a(SSID)ssj0000162065 035 $a(PQKBManifestationID)11947043 035 $a(PQKBTitleCode)TC0000162065 035 $a(PQKBWorkID)10200863 035 $a(PQKB)11585512 035 $a(MiAaPQ)EBC312289 035 $a(WSP)00006241 035 $a(Au-PeEL)EBL312289 035 $a(CaPaEBR)ebr10188822 035 $a(CaONFJC)MIL112108 035 $a(OCoLC)172989118 035 $a(EXLCZ)991000000000334189 100 $a20070428d2007 uy 0 101 0 $aeng 135 $aur|n|---||||| 181 $ctxt 182 $cc 183 $acr 200 14$aThe geometry of Hessian structures$b[electronic resource] /$fHirohiko Shima 210 $aSingapore ;$aHackensack, N.J. $cWorld Scientific$dc2007 215 $a1 online resource (261 p.) 300 $aDescription based upon print version of record. 311 $a981-270-031-5 320 $aIncludes bibliographical references (p. 237-241) and index. 327 $aPreface; Introduction; Contents; 1. Affine spaces and connections; 2. Hessian structures; 3. Curvatures for Hessian structures; 4. Regular convex cones; 5. Hessian structures and affine differential geometry; 6. Hessian structures and information geometry; 7. Cohomology on at manifolds; 8. Compact Hessian manifolds; 9. Symmetric spaces with invariant Hessian structures; 10. Homogeneous spaces with invariant Hessian structures; 11. Homogeneous spaces with invariant projectively at connections; Bibliography; Index 330 $aThe geometry of Hessian structures is a fascinating emerging field of research. It is in particular a very close relative of Ka?hlerian geometry, and connected with many important pure mathematical branches such as affine differential geometry, homogeneous spaces and cohomology. The theory also finds deep relation to information geometry in applied mathematics. This systematic introduction to the subject first develops the fundamentals of Hessian structures on the basis of a certain pair of a flat connection and a Riemannian metric, and then describes these related fields as applications of the 517 3 $aHessian structures 606 $aGeometry, Differential 606 $aHomology theory 606 $aHomogeneous spaces 606 $aManifolds (Mathematics) 608 $aElectronic books. 615 0$aGeometry, Differential. 615 0$aHomology theory. 615 0$aHomogeneous spaces. 615 0$aManifolds (Mathematics) 676 $a516.36 700 $aShima$b Hirohiko$0629790 801 0$bMiAaPQ 801 1$bMiAaPQ 801 2$bMiAaPQ 906 $aBOOK 912 $a9910450702603321 996 $aGeometry of Hessian structures$91225626 997 $aUNINA LEADER 05335oam 2200613 450 001 9910828343503321 005 20170523091545.0 010 $a0-08-101318-3 010 $a0-08-098352-9 035 $a(OCoLC)872703712 035 $a(MiFhGG)GVRL8DHC 035 $a(EXLCZ)992550000001171229 100 $a20140424d2014 uy 0 101 0 $aeng 135 $aurun|---uuuua 181 $ctxt 182 $cc 183 $acr 200 00$aFlow-induced vibrations $eclassifications and lessons from practical experiences /$feditors, Shigehiko Kaneko [and seven others] 205 $aSecond edition. 210 1$aLondon :$cAcademic Press,$d2014. 215 $a1 online resource (xii, 410 pages) $cillustrations 225 0 $aGale eBooks 300 $aDescription based upon print version of record. 311 $a0-08-098347-2 311 $a1-306-21378-9 320 $aIncludes bibliographical references and index. 327 $aFront Cover; Flow-Induced Vibrations: Classifications and Lessons from Practical Experiences; Copyright Page; Contents; Preface; 1 Introduction; 1.1 General overview; 1.1.1 History of FIV research; 1.1.2 Origin of this book; 1.2 Modeling approaches; 1.2.1 The importance of modeling; 1.2.2 Classification of FIV and modeling; 1.2.3 Modeling procedure; 1.2.3.1 Simplified treatment; 1.2.3.2 Detailed treatment; 1.2.4 Analytical approach; 1.2.5 Experimental approach; 1.2.5.1 Test facilities; 1.2.5.2 Similarity laws; 1.2.5.2.1 Structural model; 1.2.5.2.2 Fluid model 327 $a1.3 Fundamental mechanisms of FIV1.3.1 Self-induced oscillation mechanisms; 1.3.1.1 One-degree-of-freedom system; 1.3.1.2 Two-degrees-of-freedom system; 1.3.1.3 Multi-degrees-of-freedom system; 1.3.2 Forced vibration and added mass and damping; 1.3.2.1 Forced vibration system; 1.3.2.2 Added mass; 1.3.2.3 Fluid damping; References; 2 Vibration Induced by Cross-Flow; 2.1 Single circular cylinder; 2.1.1 Structures under evaluation; 2.1.2 Vibration mechanisms and historical review; 2.1.2.1 Vibration mechanisms; 2.1.2.1.1 Bending vibration of a circular cylindrical structure in steady flow 327 $a2.1.2.1.2 Vibration of a circular cylinder in oscillating flow2.1.2.1.3 Ovalling vibrations of cylindrical shells in steady flow; 2.1.2.2 Historical background; 2.1.2.2.1 Bending vibrations of a circular cylinder in steady flow; 2.1.2.2.2 Vibration of a circular cylinder in oscillating flow; 2.1.2.2.3 Ovalling vibrations of cylindrical shells in steady flow; 2.1.3 Evaluation methods; 2.1.3.1 Bending vibrations of a circular cylinder in steady flow; 2.1.3.1.1 Vibration induced by single-phase flow; 2.1.3.1.2 Vibration induced by two-phase flow 327 $a2.1.3.2 Vibration of a circular cylinder in oscillating flow2.1.3.3 Ovalling vibrations of cylindrical shells in steady flow; 2.1.4 Examples of component failures due to vortex-induced vibration; 2.2 Two circular cylinders in cross-flow; 2.2.1 Outline of structures of interest; 2.2.1.1 Examples; 2.2.1.2 Classification based on flow type; 2.2.1.3 Classification based on spatial configuration; 2.2.2 Historical background; 2.2.2.1 Excitation phenomena; 2.2.2.1.1 Vibration of cylinder pairs subjected to steady cross-flow; 2.2.2.1.2 Oscillatory-flow-induced vibration; 2.2.2.2 Research background 327 $a2.2.2.2.1 Steady-flow-induced cylinder vibration2.2.2.2.2 Oscillatory flow; 2.2.2.2.3 Vibration of cylinder pairs in two-phase flow; 2.2.3 Evaluation methodology; 2.2.3.1 Experimental evaluation; 2.2.3.1.1 Vibration of cylinder pair in single-phase flow; 2.2.3.2 Theoretical modeling; 2.2.3.2.1 Wake interference mathematical model; 2.2.3.2.2 Fluid-structure coupled analysis; 2.2.3.2.3 Determination of instability boundary by unsteady fluid force models; 2.2.3.2.4 Quasi-steady theory; 2.2.4 Examples of practical problems; 2.3 Multiple circular cylinders; 2.3.1 Outline of structures considered 327 $a2.3.2 Vibration evaluation history 330 $a In many plants, vibration and noise problems occur due to fluid flow, which can greatly disrupt smooth plant operations. These flow-related phenomena are called flow-induced vibration. This book explains how and why such vibrations happen and provides hints and tips on how to avoid them in future plant design. The world-leading author team doesn't assume prior knowledge of mathematical methods and provides the reader with information on the basics of modeling. The book includes several practical examples and thorough explanations of the structure, the evaluation method 606 $aMachinery$xVibration 606 $aMachinery$xVibration$xMathematical models 606 $aStructural dynamics 606 $aStructural dynamics$xMathematical models 606 $aFluid dynamics 606 $aFluid dynamics$xMathematical models 615 0$aMachinery$xVibration. 615 0$aMachinery$xVibration$xMathematical models. 615 0$aStructural dynamics. 615 0$aStructural dynamics$xMathematical models. 615 0$aFluid dynamics. 615 0$aFluid dynamics$xMathematical models. 676 $a423 702 $aKaneko$b S$g(Shigehiko), 801 0$bMiFhGG 801 1$bMiFhGG 906 $aBOOK 912 $a9910828343503321 996 $aFlow induced vibrations$93624604 997 $aUNINA